Maintaining the home lighting and wiring system /

Bibliographic Details
Corporate Authors: American Association for Agricultural Engineering and Vocational Agriculture, Southern Association of Agricultural Engineering and Vocational Agriculture
Other Authors: Henderson, G. E. (George Edwin), 1906-
Format: Book
Language:English
Published: Athens, Ga., [publisher not identified] ; [1965]
Edition:Rev. and new illus.
Subjects:

MARC

Tag First Indicator Second Indicator Subfields
LEADER 00000cam a2200000 4500
001 in00000095861
005 20150925085806.0
008 800401s1965 gaua 00000 eng d
035 |a (OCoLC)06155157 
035 |9 AAL2084AM 
040 |a TXA  |c TXA  |d UtOrBLW 
049 |a TXAM  |c 1 [1123542]  |c 2 [1123543]  |c 3 [1123544] 
090 |a TK4162  |b .A4 1965 
110 2 |a American Association for Agricultural Engineering and Vocational Agriculture. 
245 1 0 |a Maintaining the home lighting and wiring system /  |c [Rev. prepared by G. E. Henderson. 
250 |a Rev. and new illus.  |b by J. Howard Turner and Kenneth Farmer. 
264 1 |a Athens, Ga.,  |b [publisher not identified] ;  |c [1965] 
264 4 |c ©1965 
300 |a 61 pages :  |b illustrations (part color) 
336 |a text  |b txt  |2 rdacontent 
337 |a unmediated  |b n  |2 rdamedia 
338 |a volume  |b nc  |2 rdacarrier 
500 |a Cover title. 
500 |a Earlier edition issued by the Southern Association of Agricultural Engineering and Vocational Agriculture. 
650 0 |a Electric lighting. 
650 0 |a Electric wiring. 
700 1 |a Henderson, G. E.  |q (George Edwin),  |d 1906- 
710 2 |a Southern Association of Agricultural Engineering and Vocational Agriculture.  |t Maintaining the home lighting and wire system. 
999 |a MARS 
999 f f |s 26c9da16-42cd-35da-872f-6600ad5e3ed3  |i e50df705-b466-3a43-af67-b18199e25ec9  |t 0 
952 f f |p normal  |a Texas A&M University  |b College Station  |c Sterling C. Evans Library  |d Evans: Library Stacks  |t 0  |e TK4162 .A4 1965  |h Library of Congress classification  |i unmediated -- volume  |m A14805477437 
952 f f |p ric  |a Texas A&M University  |b Rellis Campus  |c Joint Library Facility  |d Remote Storage  |t 0  |e TK4162 .A4 1965  |h Library of Congress classification  |i unmediated -- volume  |m A14805477429 
998 f f |a TK4162 .A4 1965  |t 0  |l Remote Storage 
998 f f |a TK4162 .A4 1965  |t 0  |l Evans: Library Stacks